Najczęściej zgadywane pierwiastki chemiczne - Statystyki

Ogólne statystyki
  • Ten quiz został rozwiązany 32 985 razy
    3 497 od ostatniego zresetowania
  • Średni wynik to 14 z 20
Statystyki odpowiedzi
% odgadniętych Pierwiastek % Poprawnych
92% Tlen
96%
94% Wodór
94%
86% Złoto
90%
85% Węgiel
87%
78% Srebro
82%
76% Azot
79%
83% Hel
79%
74% Siarka
71%
74% Żelazo
71%
76% Potas
70%
72% Polon
65%
75% Rad
64%
69% Miedź
63%
67% Sód
59%
68% Magnez
58%
64% Cynk
54%
59% Fosfor
54%
64% Chlor
53%
62% Lit
52%
59% Wapń
52%
Nie znaleziono quizów pasujących do podanych kryteriów
Rozkład punktacji
Procent ludzi z każdym wynikiem
Percentyl według liczby udzielonych odpowiedzi
Twoja historia wyników
Nie rozwiązałeś tego quizu od ostatniego zresetowania